书目信息 |
| 题名: |
堆石混凝土技术
|
|
| 作者: | 金峰 , 安雪晖 , 周虎 著 | |
| 分册: | ||
| 出版信息: | 北京 中国建筑工业出版社 2017.01 |
|
| 页数: | 168页 | |
| 开本: | 26cm | |
| 丛书名: | ||
| 单 册: | ||
| 中图分类: | TU755 | |
| 科图分类: | ||
| 主题词: | 混凝土--工程施工 | |
| 电子资源: | ||
| ISBN: | 978-7-112-18545-0 | |
| 000 | 00991nam0 2200277 450 | |
| 001 | 0100004682 | |
| 005 | 20190305151627.26 | |
| 010 | @a978-7-112-18545-0@dCNY36.00 | |
| 100 | @a20170112d2017 em y0chiy50 ea | |
| 101 | 0 | @achi |
| 102 | @aCN@b110000 | |
| 105 | @aak z 000yy | |
| 200 | 1 | @a堆石混凝土技术@Adui shi hun ning tu ji shu@f金峰,安雪晖,周虎著 |
| 210 | @a北京@c中国建筑工业出版社@d2017.01 | |
| 215 | @a168页@c图@d26cm | |
| 312 | @a封面英文题名:Rock-filled concrete technology | |
| 330 | @a本书收录的内容包括:概述;堆石混凝土综合性能试验研究;堆石混凝土细观力学性能与本构研究;堆石混凝土三维有限元温度应力仿真分析;堆石混凝土结构设计;堆石混凝土现场试验等。 | |
| 333 | @a混凝土坝研究者 | |
| 510 | 1 | @aRock-filled concrete technology@zeng |
| 606 | 0 | @a混凝土@x工程施工 |
| 690 | @aTU755@v5 | |
| 701 | 0 | @a金峰@Ajin feng@4著 |
| 701 | 0 | @a安雪晖@Aan xue hui@4著 |
| 701 | 0 | @a周虎@Azhou hu@4著 |
| 801 | 0 | @aCN@c201701015 |
| 905 | @a河南城建学院图书馆@dTU755@eJ762 | |
| 堆石混凝土技术/金峰,安雪晖,周虎著.-北京:中国建筑工业出版社,2017.01 |
| 168页:图;26cm |
| 使用对象:混凝土坝研究者 |
| ISBN 978-7-112-18545-0:CNY36.00 |
| 本书收录的内容包括:概述;堆石混凝土综合性能试验研究;堆石混凝土细观力学性能与本构研究;堆石混凝土三维有限元温度应力仿真分析;堆石混凝土结构设计;堆石混凝土现场试验等。 |
| ● |
| 相关链接 |
|
|
|
正题名:堆石混凝土技术
索取号:TU755/J762
 
预约/预借
| 序号 | 登录号 | 条形码 | 馆藏地/架位号 | 状态 | 备注 |
| 1 | 1305026 | 213050268 | 建筑库201/201建筑库 42排1列5层/ [索取号:TU755/J762] | 在馆 | |
| 2 | 1337442 | 213374427 | 建筑库201/201建筑库 42排1列5层/ [索取号:TU755/J762] | 在馆 | |
| 3 | 1337443 | 213374436 | 建筑库201/201建筑库 44排7列2层/ [索取号:TU755/J762] | 在馆 |